5HLuxD.jpg

KING HENRY VIII SENIOR AND PRIMARY SCHOOL LIBRARY OPAC

Southeast Asia in world history / (Record no. 2715)

000 -LEADER
fixed length control field 01607aam a2200325 a 4500
001 - CONTROL NUMBER
control field 015174643
003 - CONTROL NUMBER IDENTIFIER
control field Uk
005 - DATE AND TIME OF LATEST TRANSACTION
control field 20230811162132.0
008 - FIXED-LENGTH DATA ELEMENTS--GENERAL INFORMATION
fixed length control field 080703s2009 enkab b 001 0 eng
010 ## - LIBRARY OF CONGRESS CONTROL NUMBER
LC control number 2008029792
020 ## - INTERNATIONAL STANDARD BOOK NUMBER
International Standard Book Number 9780195338119 (pbk.) :
020 ## - INTERNATIONAL STANDARD BOOK NUMBER
International Standard Book Number 0195338111 (pbk.) :
040 ## - CATALOGING SOURCE
Original cataloging agency StDuBDS
Language of cataloging eng
Transcribing agency StDuBDS
Modifying agency Uk
-- KH8
082 00 - DEWEY DECIMAL CLASSIFICATION NUMBER
Classification number 959 LOC
100 1# - MAIN ENTRY--PERSONAL NAME
Personal name Lockard, Craig A.
Relator term author.
245 10 - TITLE STATEMENT
Title Southeast Asia in world history /
Statement of responsibility, etc. Craig A. Lockard.
260 ## - PUBLICATION, DISTRIBUTION, ETC.
Place of publication, distribution, etc. New York ;
-- Oxford :
Name of publisher, distributor, etc. Oxford University Press,
Date of publication, distribution, etc. c2009.
300 ## - PHYSICAL DESCRIPTION
Extent viii, 256 pages :
Other physical details illustrations, maps ;
Dimensions 9.1 x 6.1 x 0.7 inches.
336 ## - CONTENT TYPE
Content type term text
Source rdacontent
337 ## - MEDIA TYPE
Media type term unmediated
Source rdamedia
338 ## - CARRIER TYPE
Carrier type term volume
Source rdacarrier
490 1# - SERIES STATEMENT
Series statement The new Oxford world history
500 ## - GENERAL NOTE
General note Formerly CIP.
Institution to which field applies Uk
500 ## - GENERAL NOTE
General note Includes Index
504 ## - BIBLIOGRAPHY, ETC. NOTE
Bibliography, etc. note Includes bibliographical references (p. [209]-221) and index.
505 0# - FORMATTED CONTENTS NOTE
Formatted contents note The ancient roots of Southeast Asia to ca. 200 BCE -- Southeast Asians in the classical world, ca. 200 BCE-800 CE -- The kingdoms of the golden age, ca. 800-1400 -- New cultures and connections, ca. 1300-1750 -- Christians, spices, and Western expansion, 1500-1750 -- The Western winds of colonialism, 1750-1914 -- Colonial impact and changing fortunes, 1800-1941 -- Fighting for the cause of national freedom, 1900-1950 -- Revolutionary wars and nation building, 1950-1975 -- Diverse identities, "tigers," and changing politics since 1970 -- Southeast Asia and the wider world.
651 #0 - SUBJECT ADDED ENTRY--GEOGRAPHIC NAME
Geographic name Southeast Asia
General subdivision History.
830 #0 - SERIES ADDED ENTRY--UNIFORM TITLE
Uniform title New Oxford world history.
942 ## - ADDED ENTRY ELEMENTS (KOHA)
Source of classification or shelving scheme
Koha item type Teaching Resources
Holdings
Withdrawn status Lost status Source of classification or shelving scheme Damaged status Not for loan Collection code Permanent Location Current Location Shelving location Date acquired Full call number Barcode Date last seen Price effective from Koha item type
          Teaching Resources KH8 Senior School Library KH8 Senior School Library Staff Office 2023-08-11 959 LOC TRKHSL002007 2023-08-11 2023-08-11 Teaching Resources
          Teaching Resources KH8 Senior School Library KH8 Senior School Library Staff Office 2023-08-15 959 LOC TRKHSL002008 2023-08-15 2023-08-15 Teaching Resources
          Teaching Resources KH8 Senior School Library KH8 Senior School Library Staff Office 2023-08-15 959 LOC TRKHSL002009 2023-08-15 2023-08-15 Teaching Resources
          Teaching Resources KH8 Senior School Library KH8 Senior School Library Staff Office 2023-08-15 959 LOC TRKHSL002010 2023-08-15 2023-08-15 Teaching Resources
          Teaching Resources KH8 Senior School Library KH8 Senior School Library Staff Office 2023-08-15 959 LOC TRKHSL002011 2023-08-15 2023-08-15 Teaching Resources
          Teaching Resources KH8 Senior School Library KH8 Senior School Library Staff Office 2023-08-15 959 LOC TRKHSL002012 2023-08-15 2023-08-15 Teaching Resources
          Teaching Resources KH8 Senior School Library KH8 Senior School Library Staff Office 2023-08-15 959 LOC TRKHSL002013 2023-08-15 2023-08-15 Teaching Resources
          Teaching Resources KH8 Senior School Library KH8 Senior School Library Staff Office 2023-08-15 959 LOC TRKHSL002014 2023-08-15 2023-08-15 Teaching Resources
          Teaching Resources KH8 Senior School Library KH8 Senior School Library Staff Office 2023-08-15 959 LOC TRKHSL002015 2023-08-15 2023-08-15 Teaching Resources
          Teaching Resources KH8 Senior School Library KH8 Senior School Library Staff Office 2023-08-15 959 LOC TRKHSL002016 2023-08-15 2023-08-15 Teaching Resources

Powered By KH8 IT Dept